Vývoj arménsko-tureckých vzťahov

Arménsko-turecké vzťahy vyplývajúce zo vzájomnej nedôvery medzi dvoma národmi a historického bremena. Moskovská dohoda (Dohoda o bratstve) podpísaná v roku 1921 medzi Tureckom a bolševistickým Ruskom. Sporné body v turecko-arménskych vzťahoch. Arménsko a Turecko v opozícii. Absencia diplomatických v...

Ausführliche Beschreibung

Gespeichert in:
Bibliographische Detailangaben
1. Verfasser: Stepanyan, Ruben
Format: Buchkapitel
Sprache:Slowakisch
Schlagworte:
Tags: Tag hinzufügen
Keine Tags, Fügen Sie das erste Tag hinzu!

MARC

LEADER 00000naa$a2200000$$$4500
001 0077126
005 20240502071910.2
041 0 |a slo 
044 |a SK 
245 1 0 |a Vývoj arménsko-tureckých vzťahov  |c Ruben Stepanyan 
520 |a Arménsko-turecké vzťahy vyplývajúce zo vzájomnej nedôvery medzi dvoma národmi a historického bremena. Moskovská dohoda (Dohoda o bratstve) podpísaná v roku 1921 medzi Tureckom a bolševistickým Ruskom. Sporné body v turecko-arménskych vzťahoch. Arménsko a Turecko v opozícii. Absencia diplomatických vzťahov medzi dvoma štátmi. 
610 2 0 |a vzťahy medzinárodné 
610 2 0 |a politika medzinárodná 
610 2 0 |a politika zahraničná 
610 2 0 |a diplomacia 
610 2 0 |a konflikty 
610 2 0 |a národ 
610 2 0 |a Arménsko 
610 2 0 |a Turecko 
100 1 |a Stepanyan, Ruben